Εισαγωγή στη UML : συνοπτικός οδηγός της πρότυπης γλώσσας μοντελοποίησης αντικειμένων
Αποθηκεύτηκε σε:
| Κύριος συγγραφέας: | |
|---|---|
| Μορφή: | Βιβλίο |
| Γλώσσα: | Greek English |
| Δημοσίευση: |
Αθήνα :
Κλειδάριθμος,
2009, c2006.
|
| Έκδοση: | 3η αμερικάνικη έκδ. |
| Θέματα: | |
| Ετικέτες: |
Προσθήκη ετικέτας
Δεν υπάρχουν, Καταχωρήστε ετικέτα πρώτοι!
|
MARC
| LEADER | 00000cam a2200000 i 4500 | ||
|---|---|---|---|
| 001 | 1/94655 | ||
| 008 | 080929s2006 gr | ||| |||| ||gre|| | ||
| 020 | |a 9602099577 | ||
| 035 | |l 10100500 | ||
| 040 | |a GR-MyUa |b gre |e AACR2 | ||
| 041 | 1 | |a gre |h eng | |
| 082 | 7 | |a 005.12 |2 (22) | |
| 082 | 7 | |a 005.117 |2 (23) | |
| 100 | 1 | |a Fowler, Martin, |d 1963- | |
| 245 | 1 | 0 | |a Εισαγωγή στη UML : |b συνοπτικός οδηγός της πρότυπης γλώσσας μοντελοποίησης αντικειμένων / |c Martin Fowler ; μετάφραση-επιστημονική επιμέλεια Γιώργος Κακαρόντζας. |
| 250 | |a 3η αμερικάνικη έκδ. | ||
| 260 | |a Αθήνα : |b Κλειδάριθμος, |c 2009, c2006. | ||
| 300 | |a 224 σ. : |b εικ. ; |c 24 εκ. | ||
| 500 | |a Τίτλος πρωτοτύπου: UML distilled : a brief guide to the standard object modeling language. | ||
| 504 | |a Βιβλιογραφία: σ.207-211. Ευρετήριο. | ||
| 650 | 0 | |a Object-oriented methods (Computer science) | |
| 650 | 0 | |a Computer software |x Development. | |
| 650 | 0 | |a UML (Computer science) | |
| 852 | |a INST |b CHIOS |e 20100308 |h 005.12 FOW |p 005200029770 |q 005200029770 |t BK |y 0 | ||
| 852 | |a INST |b CHIOS |e 20100308 |h 005.12 FOW |p 005200029776 |q 005200029776 |t BK |y 0 | ||
| 852 | |a INST |b SAMOS |e 20080929 |h 005.12 FOW |p 005300030155 |q 005300030155 |t BK |y 0 | ||
| 852 | |a INST |b SAMOS |e 20111129 |h 005.12 FOW |p 005300034237 |q 005300034237 |t BK |y 0 | ||
| 852 | |a INST |b SYROS |c EUDOXUS |e 20151223 |h 005.117 FOW |p 005500011886 |q 005500011886 |t EDX |y 0 | ||
| 901 | |a BIBL3-2011-3 | ||
| 901 | |a BIBL3-2008-3 | ||
| 901 | |a BIBL2-2010-1 | ||
| 920 | |a Εύδοξος |b Παραγγελία |y Σύρος-ΤΜΣΠΣ |z 2015-12 | ||
| 922 | |a 3ΕΛΗ |b 200711 |c ΕΠΕΑΕΚ2/Τμήμα Μαθηματικών |d Πατάκης | ||
| 970 | |a Ρούσσου |b Κωνσταντίνα |z 29/09/2008 | ||